Sports Quiz

Random Sports or NFL Quiz
Score 0/22 Timer 03:00
5 Plays Today
Hint Answer % Correct
Peyton Manning
99.2%
Eli Manning
98.9%
Tom Brady
97.9%
Drew Brees
96.4%
Aaron Rodgers
95.6%
Brett Favre
95%
John Elway
95%
Joe Montana
94.4%
Dan Marino
92.2%
Joe Flacco
91.1%
Matt Ryan
90.9%
Hint Answer % Correct
Philip Rivers
90.6%
Matthew Stafford
90.4%
Carson Palmer
86.3%
Ben Roethlisberger
85.9%
Warren Moon
85.9%
Johnny Unitas
83%
Drew Bledsoe
81.2%
Fran Tarkenton
68.2%
Dan Fouts
65.2%
Vinny Testaverde
62.7%
Kerry Collins
49.5%

You're not logged in!

Compare scores with friends on all Sporcle quizzes.
OR
Log In

Sporcle TV

Today on Sporcle TV


Watch our educational content, quiz creation guides, and fun videos on Sporcle TV.

Show Comments

Extras

Top Quizzes Today


Score Distribution

Paid Content

Your Account Isn't Verified!

In order to create a playlist on Sporcle, you need to verify the email address you used during registration. Go to your Sporcle Settings to finish the process.

Report this User

Report this user for behavior that violates our Community Guidelines.

Details: